000 00445nam a2200193Ia 4500
005 20250423095441.0
008 250422s9999 xx 000 0 und d
020 _a0-13-013633-6
050 _aPE1128.p46
100 _aBetty Schrampfer Azar
245 0 _aFundamentals of English Grammar
250 _aThird Edition
260 _aNew York
260 _bLongman
260 _c1985
300 _a333 p
650 _aGrammar
942 _cBK
999 _c30312
_d30312